000 00457nam a2200145Ia 4500
008 160319s9999 xx 000 0 und d
020 _a9789715420846
050 _a899.210301
050 _b.P552 2008
245 _aPhilippine Short Stories1941-1955 Part I (1941-1949) /
245 _cselected and edited with a critical introduction by Leopoldo Y. Yabes
260 _aQuezon City :
260 _bUniversity of the Philippines Press,
260 _c2008
999 _c292380
_d292380